[Event "21e Open de St Affrique"]
[Site "?"]
[Date "2013.07.24"]
[Round "5.14"]
[White "Mania, Clement"]
[Black "Aubry, Fabien"]
[Result "1-0"]
[WhiteElo "2174"]
[BlackElo "1918"]
[PlyCount "79"]
[EventDate "2013.??.??"]

1. f4 d5 2. Nf3 g6 3. g3 Bg7 4. Bg2 Nf6 5. O-O O-O 6. d3 c5 7. Nc3 Nc6 8. e4 d4
9. Ne2 Bg4 10. Nh4 Rc8 11. h3 Bxe2 12. Qxe2 e6 13. Nf3 Qd7 14. Bd2 b5 15. a3 a5
16. e5 Nd5 17. h4 h5 18. Ng5 c4 19. dxc4 bxc4 20. Ne4 Nce7 21. Nd6 Rc5 22. Nxc4
Nf5 23. Rf3 Rfc8 24. b3 Qa7 25. Rd3 Bf8 26. Be4 Rb5 27. a4 Rbb8 28. Kh2 Nfe3
29. Bxe3 Nxe3 30. Nxe3 dxe3 31. Rxe3 Bb4 32. Rd1 Rd8 33. Red3 Qc7 34. Kh3 Rxd3
35. Qxd3 Be7 36. Qd7 Qd8 37. Bxg6 Qxd7 38. Rxd7 fxg6 39. Rxe7 Rb6 40. Rc7 1-0

[Event "21ème Open de Saint-Affrique"]
[Site "?"]
[Date "2013.07.25"]
[Round "6.1"]
[White "Libiszewki, Fabien"]
[Black "Flear, Glenn"]
[Result "0-1"]
[WhiteElo "2523"]
[BlackElo "2456"]
[PlyCount "136"]
[EventDate "2013.07.22"]

1. e4 e5 2. Nf3 Nc6 3. d4 exd4 4. Nxd4 Bc5 5. Nb3 Bb6 6. Nc3 Nge7 7. Bg5 f6 8.
Bh4 O-O 9. Qd2 d6 10. O-O-O a5 11. Bb5 Kh8 12. Kb1 Bd7 13. f4 Na7 14. Bxd7 Qxd7
15. a4 Nac6 16. h3 Nb4 17. g4 Qc6 18. Bf2 Rad8 19. Bxb6 Qxb6 20. Qg2 Rd7 21.
Nd4 Nec6 22. Ne6 Re8 23. Nd5 Nxd5 24. exd5 Ne7 25. Rhe1 c6 26. Nd4 Rc8 27. Qe4
h6 28. Qe6 Rdc7 29. dxc6 bxc6 30. Qxd6 Rb7 31. Nb3 Nd5 32. f5 Qf2 33. Qe6 Rbb8
34. Qe2 Qf4 35. Qe4 Qh2 36. Rd3 Rb4 37. Qe6 Qb8 38. Qd7 Rb7 39. Rxd5 Rxd7 40.
Rxd7 Rd8 41. Rde7 Qf4 42. R7e4 Qf3 43. R4e3 Qf4 44. Re4 Qf3 45. Nd4 Qxh3 46.
Nxc6 Ra8 47. Ne7 Kh7 48. b3 h5 49. gxh5 Rd8 50. Kb2 Rd2 51. Rc4 Qg3 52. Ree4
Qg2 53. Re6 Rd1 54. h6 Qg5 55. Rc8 Qc1+ 56. Kc3 Qd2+ 57. Kb2 Qc1+ 58. Kc3 Rd2
59. Kc4 Rxc2+ 60. Kb5 Rxc8 61. Nxc8 Qxc8 62. hxg7 Qc3 63. Rc6 Qxb3+ 64. Kxa5
Kxg7 65. Rc5 Kf7 66. Rb5 Qa3 67. Rb7+ Ke8 68. Kb5 Qb3+ 0-1

[Event "21ème Open de Saint-Affrique"]
[Site "?"]
[Date "2013.07.24"]
[Round "6.2"]
[White "Milchev, Nikolay"]
[Black "Degraeve, Jean-Marc"]
[Result "0-1"]
[WhiteElo "2433"]
[BlackElo "2574"]
[PlyCount "138"]
[EventDate "2013.07.22"]

1. Nf3 g6 2. c4 Bg7 3. d4 d6 4. Nc3 Bg4 5. h3 Bxf3 6. exf3 e6 7. f4 Ne7 8. d5
O-O 9. g4 exd5 10. cxd5 c5 11. dxc6 bxc6 12. Bg2 d5 13. O-O Nd7 14. Qc2 Nb6 15.
Rd1 Rc8 16. a4 a5 17. Ra3 Qc7 18. Rb3 Rfd8 19. f5 gxf5 20. gxf5 Nc4 21. Ne2 Kh8
22. Bg5 Qe5 23. Ng3 f6 24. Bc1 Ng8 25. Rc3 Qb8 26. b3 Ne5 27. Ne2 Bh6 28. Nd4
Bxc1 29. Qxc1 Ne7 30. Qh6 Rf8 31. Rg3 Rf7 32. Qh5 Rg8 33. Ne6 Rxg3 34. fxg3 Ng8
35. Re1 Rb7 36. Kh2 Rxb3 37. Nf4 Qc7 38. Qh4 Rb4 39. Qh5 Qg7 40. Rxe5 Rxf4 41.
Re6 Rc4 42. Re8 Rxa4 43. Qe2 Ra3 44. Bf3 Qd7 45. Bh5 Qc7 46. Bf3 Kg7 47. h4 Rb3
48. Kg2 Rb8 49. Re6 a4 50. Qc2 a3 51. Rxc6 Qe5 52. Qa4 Rb2+ 53. Kh3 Qxf5+ 54.
Qg4+ Qxg4+ 55. Kxg4 Rb4+ 56. Kh5 Ne7 57. Rc7 Kf8 58. Ra7 Rb3 59. Bg4 Rxg3 60.
Be6 Re3 61. Bd7 Kf7 62. Kh6 Ng8+ 63. Kxh7 Re7 64. Ra8 Rxd7 65. Rxg8 Ke6+ 66.
Kg6 Ra7 67. Re8+ Kd6 68. Re1 a2 69. Ra1 Ke5 0-1

[Event "21ème Open de Saint-Affrique"]
[Site "?"]
[Date "2013.07.24"]
[Round "6.3"]
[White "Mladenov, Plamen"]
[Black "Mulon, Jean-Baptiste"]
[Result "0-1"]
[WhiteElo "2405"]
[BlackElo "2398"]
[PlyCount "74"]
[EventDate "2013.07.22"]

1. e4 c5 2. Nf3 e6 3. b3 a6 4. Bb2 Nc6 5. g3 d6 6. d4 cxd4 7. Nxd4 Bd7 8. Bg2
Rc8 9. O-O Nf6 10. c4 Be7 11. Nc3 O-O 12. Re1 Qc7 13. Rc1 Qb8 14. Nxc6 Bxc6 15.
Nd5 Bxd5 16. exd5 e5 17. c5 Rfe8 18. c6 Bd8 19. f4 exf4 20. Rxe8+ Nxe8 21. gxf4
Bf6 22. Bxf6 Nxf6 23. Qd4 bxc6 24. dxc6 d5 25. Kh1 h5 26. h3 Qd6 27. Qa4 Rc7
28. Qxa6 Qxf4 29. Qf1 Qd6 30. Qb5 Ne4 31. a4 Nf2+ 32. Kg1 Nxh3+ 33. Kh1 Nf2+
34. Kg1 Ng4 35. Qc5 Qh2+ 36. Kf1 Qf4+ 37. Kg1 d4 0-1

[Event "21ème Open de Saint-Affrique"]
[Site "?"]
[Date "2013.07.24"]
[Round "6.4"]
[White "Giroyan, Gary"]
[Black "Kukov, Velislav"]
[Result "0-1"]
[WhiteElo "2398"]
[BlackElo "2370"]
[PlyCount "62"]
[EventDate "2013.07.22"]

1. d4 d6 2. c4 g6 3. Nc3 Bg7 4. Nf3 e5 5. dxe5 dxe5 6. Qxd8+ Kxd8 7. Bg5+ f6 8.
O-O-O+ Ke8 9. Bh4 Na6 10. e3 g5 11. Bg3 Ne7 12. Be2 h5 13. h4 g4 14. Nd2 Nf5
15. Nde4 Nxg3 16. Nxg3 f5 17. e4 f4 18. Nf5 Bf6 19. Rd2 Kf7 20. f3 g3 21. Rhd1
Be6 22. Nd5 Rad8 23. b4 Bxf5 24. exf5 Bxh4 25. Nxc7 Rxd2 26. Rxd2 Nxc7 27. Rd7+
Be7 28. Rxc7 h4 29. Bf1 e4 30. fxe4 h3 31. gxh3 f3 0-1

[Event "21ème Open de Saint-Affrique"]
[Site "?"]
[Date "2013.07.24"]
[Round "6.5"]
[White "Scholz, Christian"]
[Black "NGuyen, Emilien"]
[Result "1-0"]
[WhiteElo "2393"]
[BlackElo "2169"]
[PlyCount "59"]
[EventDate "2013.07.22"]

1. d4 d5 2. c4 dxc4 3. e4 Nc6 4. Nf3 Bg4 5. d5 Bxf3 6. gxf3 Ne5 7. Bf4 Ng6 8.
Be3 e5 9. Qa4+ Qd7 10. Qxc4 Bd6 11. Qb3 Qc8 12. Nd2 Nf6 13. Nc4 O-O 14. h4 Nh5
15. Bh3 Qd8 16. O-O-O Ngf4 17. Bg4 b6 18. Kb1 Qe7 19. Nxd6 cxd6 20. Rc1 g6 21.
Rc6 Nf6 22. Qc3 Nxg4 23. fxg4 Qd7 24. f3 Rac8 25. Bxf4 exf4 26. h5 Rxc6 27.
dxc6 Qe6 28. h6 Qe5 29. Qxe5 dxe5 30. Rd1 1-0

[Event "21ème Open de Saint-Affrique"]
[Site "?"]
[Date "2013.07.24"]
[Round "6.6"]
[White "Van Dongen, Patrick"]
[Black "Miellet-Bensan, Yves"]
[Result "1-0"]
[WhiteElo "2318"]
[BlackElo "2159"]
[PlyCount "79"]
[EventDate "2013.07.22"]

1. Nf3 e6 2. e4 c5 3. c3 Nf6 4. e5 Nd5 5. d4 cxd4 6. cxd4 Be7 7. Bd3 Nc6 8. O-O
b6 9. a3 Bb7 10. Re1 O-O 11. Bd2 f5 12. Nc3 Nc7 13. Bc4 Na5 14. Ba2 Bc6 15. b4
Nb7 16. Qe2 a6 17. Rad1 Qe8 18. Bf4 Nb5 19. Nxb5 Bxb5 20. Qe3 a5 21. d5 Bd8 22.
Nd4 Ba4 23. dxe6 dxe6 24. Nxe6 Kh8 25. Rd2 axb4 26. axb4 Bc6 27. Nxf8 Qxf8 28.
Qc3 Qe8 29. e6 Bf6 30. Be5 Bxe5 31. Qxe5 Qe7 32. b5 Be8 33. Bd5 Rd8 34. Rdd1
Bh5 35. f3 Nd6 36. Bc6 Bg6 37. Rd4 Ne8 38. Red1 Rxd4 39. Rxd4 h6 40. h3 1-0

[Event "21ème Open de Saint-Affrique"]
[Site "?"]
[Date "2013.07.24"]
[Round "6.8"]
[White "Youssoupov, Moisse"]
[Black "Domenech, Vianney"]
[Result "0-1"]
[WhiteElo "2146"]
[BlackElo "2219"]
[PlyCount "76"]
[EventDate "2013.07.22"]

1. d4 d5 2. c4 c6 3. Nc3 Nf6 4. e3 a6 5. a4 e6 6. c5 a5 7. Nf3 b6 8. cxb6 Qxb6
9. Bd3 Na6 10. O-O Nb4 11. Bb1 Ba6 12. Re1 Be7 13. Ne5 c5 14. h3 Rc8 15. g4 h6
16. Kg2 Nc6 17. Nxc6 Qxc6 18. Nb5 Bxb5 19. axb5 Qxb5 20. Bd3 c4 21. Bc2 O-O 22.
h4 Ne4 23. f3 Nd6 24. e4 dxe4 25. fxe4 Bxh4 26. Rh1 Bg5 27. Bxg5 Qxg5 28. Rh5
Qf4 29. Qe2 c3 30. bxc3 Rxc3 31. Rh3 Rfc8 32. Bd3 Rc1 33. Rxa5 Ne8 34. Ra2 Nf6
35. Rg3 Rg1+ 36. Kxg1 Qxg3+ 37. Qg2 Qxd3 38. e5 Qxd4+ 0-1

[Event "21ème Open de Saint-Affrique"]
[Site "?"]
[Date "2013.07.24"]
[Round "6.9"]
[White "Ringot, Noe"]
[Black "Ouakhir, Mehdi"]
[Result "0-1"]
[WhiteElo "2055"]
[BlackElo "2202"]
[PlyCount "94"]
[EventDate "2013.07.22"]

1. b3 d5 2. Nf3 Nf6 3. Bb2 c6 4. e3 Bg4 5. Be2 Nbd7 6. Ne5 Bxe2 7. Qxe2 Nxe5 8.
Bxe5 Nd7 9. Bb2 e5 10. f4 exf4 11. exf4+ Qe7 12. Nc3 Qxe2+ 13. Kxe2 Be7 14.
Rae1 O-O-O 15. Kf3 Rhe8 16. Nd1 Bf6 17. Bxf6 Nxf6 18. d3 h5 19. Nf2 Kd7 20. h3
Rxe1 21. Rxe1 Re8 22. Rxe8 Nxe8 23. f5 Ke7 24. Kf4 Kf6 25. g4 g5+ 26. fxg6 fxg6
27. h4 c5 28. c4 Nc7 29. g5+ Ke6 30. Nd1 b5 31. Ne3 a5 32. a4 b4 33. Nc2 Na8
34. Ne3 Nb6 35. Nc2 Nc8 36. Ne1 Nd6 37. Nf3 Nf5 38. Ne5 Nxh4 39. Nc6 Ng2+ 40.
Kf3 Ne1+ 41. Ke2 Nc2 42. Nxa5 Nd4+ 43. Kf2 dxc4 44. dxc4 Kd7 45. Nb7 Nxb3 46.
a5 Kc7 47. a6 Kb6 0-1

[Event "21ème Open de Saint-Affrique"]
[Site "?"]
[Date "2013.07.24"]
[Round "6.10"]
[White "Boucquet, Emile"]
[Black "Dussol, Pierre"]
[Result "1-0"]
[WhiteElo "2045"]
[BlackElo "2181"]
[PlyCount "115"]
[EventDate "2013.07.22"]

1. d4 Nf6 2. c4 d6 3. Nc3 Nbd7 4. e4 e5 5. d5 Nc5 6. f3 a5 7. Be3 Nh5 8. Bd3
Nf4 9. Bf1 Be7 10. g3 Ng6 11. h4 O-O 12. Bh3 f5 13. h5 Nh8 14. Qd2 f4 15. gxf4
Bh4+ 16. Kd1 exf4 17. Bxf4 Nf7 18. Bxc8 Rxc8 19. Kc2 Bg5 20. Bxg5 Nxg5 21. Qg2
Qf6 22. h6 g6 23. Re1 Nxf3 24. Nxf3 Qxf3 25. Qxf3 Rxf3 26. Rh2 Re8 27. Nb5 Re7
28. Rhe2 Nd3 29. Rh1 Ne5 30. Nd4 Rf6 31. Kc3 c5 32. dxc6 bxc6 33. b3 c5 34. Nb5
Nf7 35. Kb2 Kf8 36. Ka3 Rf4 37. Ka4 Ke8 38. Kxa5 Kd7 39. Kb6 Re6 40. Nc7 Rexe4
41. Rxe4 Rxe4 42. Nd5 Re2 43. a4 Rb2 44. Rh3 g5 45. Nf6+ Ke6 46. Nxh7 g4 47.
Rc3 Nxh6 48. a5 Nf5 49. a6 Ke5 50. a7 Kd4 51. a8=Q Kxc3 52. Qe4 Nd4 53. Kc7 Re2
54. Qxg4 Re7+ 55. Kxd6 Rxh7 56. Kxc5 Nxb3+ 57. Kd5 Ra7 58. Qg3+ 1-0

[Event "21ème Open de Saint-Affrique"]
[Site "Saint Affrique (11)"]
[Date "2013.07.20"]
[Round "7.1"]
[White "Flear, Glenn C"]
[Black "Degraeve, Jean-Marc"]
[Result "1/2-1/2"]
[WhiteElo "2456"]
[BlackElo "2574"]
[PlyCount "21"]
[EventDate "2013.??.??"]

1. d4 d5 2. c4 c5 3. cxd5 Qxd5 4. Nf3 cxd4 5. Nc3 Qa5 6. Nxd4 Nf6 7. g3 e5 8.
Nb3 Qc7 9. Bg2 Bb4 10. Qd3 O-O 11. Bg5 1/2-1/2

[Event "21ème Open de Saint-Affrique"]
[Site "Saint Affrique (11)"]
[Date "2013.07.20"]
[Round "7.3"]
[White "Mania, Clement"]
[Black "Scholz, Christian"]
[Result "0-1"]
[WhiteElo "2174"]
[BlackElo "2393"]
[PlyCount "142"]
[EventDate "2013.??.??"]

1. g3 g6 2. Bg2 Bg7 3. f4 d5 4. Nf3 Nf6 5. O-O O-O 6. d3 Nc6 7. d4 Bf5 8. c3
Qc8 9. Re1 Rb8 10. Nbd2 Be4 11. Nxe4 Nxe4 12. Qd3 e6 13. b3 Rd8 14. e3 Ne7 15.
Ba3 Nf5 16. Ne5 Nfd6 17. c4 f6 18. Nf3 c6 19. Rac1 Nf7 20. Nd2 Nxd2 21. Qxd2
Qd7 22. Bh3 f5 23. g4 Kh8 24. gxf5 exf5 25. Bg2 dxc4 26. bxc4 Nd6 27. d5 cxd5
28. Qxd5 Ne8 29. Qxd7 Rxd7 30. Red1 Rbd8 31. Rxd7 Rxd7 32. Rb1 Rd3 33. Bb2 b6
34. Bxg7+ Kxg7 35. c5 bxc5 36. Rb7+ Kh6 37. Rxa7 Rxe3 38. Bd5 Nf6 39. Bb3 Nh5
40. Bg8 Nf6 41. Bb3 Rf3 42. Rc7 Ne4 43. Bg8 Rxf4 44. Rxh7+ Kg5 45. Rc7 Rf3 46.
Bd5 Rc3 47. a4 Kf4 48. a5 Rc1+ 49. Kg2 Rc2+ 50. Kg1 Kf3 51. Bxe4+ fxe4 52. Rf7+
Ke3 53. Rf6 Ra2 54. a6 g5 55. Rf5 c4 56. Rxg5 Rxa6 57. Rc5 Kd4 58. Rc8 Ra1+ 59.
Kg2 c3 60. h4 Kd3 61. Rd8+ Ke3 62. Rc8 Ra2+ 63. Kg3 c2 64. h5 Kd2 65. Rd8+ Kc3
66. Rc8+ Kb2 67. Rb8+ Ka1 68. Rc8 Kb1 69. Kf4 c1=Q+ 70. Rxc1+ Kxc1 71. Kxe4 Rh2
0-1

[Event "21ème Open de Saint-Affrique"]
[Site "Saint Affrique (11)"]
[Date "2013.07.20"]
[Round "7.4"]
[White "Malka, Samuel"]
[Black "Van Dongen, Patrick"]
[Result "0-1"]
[WhiteElo "2169"]
[BlackElo "2318"]
[PlyCount "80"]
[EventDate "2013.??.??"]

1. d4 d5 2. c4 e6 3. Nc3 Be7 4. cxd5 exd5 5. Bf4 c6 6. Qc2 Nf6 7. e3 Nh5 8. Be5
Nd7 9. Be2 Nhf6 10. O-O-O Nxe5 11. dxe5 Ng4 12. Bf3 Nxe5 13. Nge2 O-O 14. e4
Bg4 15. Nd4 c5 16. Nf5 d4 17. Bxg4 Nxg4 18. Nd5 Bd6 19. f4 g6 20. e5 gxf5 21.
Qxf5 Bxe5 22. fxe5 Qxd5 23. Qxg4+ Kh8 24. Qf4 Rg8 25. Kb1 Rae8 26. Rhe1 Rxg2
27. h4 Qe6 28. h5 b6 29. Qf3 Rg5 30. Qf6+ Qxf6 31. exf6 Re6 32. h6 Rf5 33. Rg1
Rexf6 34. Rde1 Re6 35. Rxe6 fxe6 36. Rg7 Rf6 37. Rxa7 Rxh6 38. Kc2 Rh2+ 39. Kb3
b5 40. Rd7 c4+ 0-1

[Event "21ème Open de Saint-Affrique"]
[Site "Saint Affrique (11)"]
[Date "2013.07.20"]
[Round "7.5"]
[White "Domenech, Vianney"]
[Black "Boucquet, Emile"]
[Result "1-0"]
[WhiteElo "2219"]
[BlackElo "2045"]
[PlyCount "65"]
[EventDate "2013.??.??"]

1. d4 d5 2. Bf4 Nf6 3. e3 g6 4. Nf3 Bg7 5. Bd3 Nh5 6. Bg5 c5 7. c3 Qb6 8. Qc1
Nc6 9. h3 h6 10. Bh4 cxd4 11. Nxd4 e5 12. Nxc6 bxc6 13. O-O g5 14. Be2 Ba6 15.
Bxa6 Qxa6 16. Qd1 Nf6 17. Bg3 Ne4 18. Bh2 O-O 19. Nd2 Nc5 20. h4 Ne6 21. Qh5 e4
22. hxg5 hxg5 23. Bd6 Rfe8 24. Nb3 Qb6 25. Nd4 Bxd4 26. cxd4 Kg7 27. f4 Rh8 28.
Qe2 Qd8 29. Be5+ f6 30. Qg4 Qe7 31. f5 Rh4 32. Qg3 Nf8 33. Qxg5+ 1-0

[Event "21ème Open de Saint-Affrique"]
[Site "Saint Affrique (11)"]
[Date "2013.07.20"]
[Round "7.6"]
[White "Ouakhir, Mehdi"]
[Black "Feys, Bert"]
[Result "1/2-1/2"]
[WhiteElo "2202"]
[BlackElo "2036"]
[PlyCount "130"]
[EventDate "2013.??.??"]

1. d4 e6 2. c4 b6 3. e4 Bb7 4. Bd3 Bb4+ 5. Bd2 Bxd2+ 6. Nxd2 Ne7 7. Ne2 d6 8.
O-O Nd7 9. b4 a5 10. a3 O-O 11. Qc2 e5 12. d5 Ng6 13. Nb3 Nf4 14. Rab1 Qg5 15.
g3 axb4 16. axb4 Nxd3 17. Qxd3 f5 18. f3 Ra3 19. Ra1 fxe4 20. fxe4 Rxa1 21.
Nxa1 Rxf1+ 22. Kxf1 Nf6 23. Nc2 Ng4 24. Kg2 Qf6 25. Qf3 Qxf3+ 26. Kxf3 Nxh2+
27. Kg2 Ng4 28. Nc3 Ba6 29. Na3 Nf6 30. Kf3 Kf7 31. Na4 Nd7 32. Nc3 Ke7 33.
Ncb5 Kd8 34. Na7 Nf6 35. Nc6+ Ke8 36. Na7 h5 37. Nc6 g5 38. Nb8 Bb7 39. c5 bxc5
40. bxc5 dxc5 41. Nc4 Nxd5 42. Na5 Ba8 43. exd5 Bxd5+ 44. Kf2 h4 45. gxh4 gxh4
46. Na6 Kd7 47. Nxc5+ Kd6 48. Nd3 c5 49. Nb2 e4 50. Nd1 c4 51. Nc3 Ke5 52. Kg2
e3+ 53. Kh3 Kd4 54. Ne2+ Kd3 55. Nxc4 Bxc4 56. Ng1 Ke4 57. Kxh4 Kf4 58. Kh3
Bf1+ 59. Kh4 Ke4 60. Kg3 Ba6 61. Nf3 Kd3 62. Ne5+ Kd2 63. Nf3+ Kc3 64. Kf4 Kd3
65. Ne5+ Ke2 1/2-1/2

[Event "21ème Open de Saint-Affrique"]
[Site "Saint Affrique (11)"]
[Date "2013.07.20"]
[Round "7.9"]
[White "Rouffignac, Tanguy"]
[Black "Mladenov, Plamen"]
[Result "0-1"]
[WhiteElo "2046"]
[BlackElo "2405"]
[PlyCount "55"]
[EventDate "2013.??.??"]

1. e4 e5 2. Nc3 Nf6 3. f4 d5 4. fxe5 Nxe4 5. Qf3 Nxc3 6. dxc3 c6 7. Qg3 Be6 8.
Nf3 Nd7 9. Bd3 Nc5 10. O-O Qd7 11. Ng5 Nxd3 12. cxd3 Bf5 13. Rf3 Bg6 14. Qf2
Be7 15. Nh3 Bh5 16. Rf4 O-O 17. Be3 Bg6 18. d4 f6 19. exf6 Bxf6 20. Qg3 Rae8
21. Raf1 Qd8 22. Nf2 Bh5 23. Ng4 Bxg4 24. Rxg4 Qe7 25. Bc1 Bxd4+ 26. cxd4 Rxf1+
27. Kxf1 Qe2+ 28. Kg1 0-1

[Event "21ème Open de Saint-Affrique"]
[Site "Saint Affrique (11)"]
[Date "2013.07.20"]
[Round "8.2"]
[White "Degraeve, Jean-Marc"]
[Black "Van Dongen, Patrick"]
[Result "1-0"]
[WhiteElo "2574"]
[BlackElo "2318"]
[PlyCount "55"]
[EventDate "2013.??.??"]

1. e4 e5 2. Nf3 Nc6 3. Bc4 Bc5 4. O-O Nf6 5. d3 d6 6. c3 a6 7. Bb3 Ba7 8. Nbd2
O-O 9. h3 h6 10. Re1 Re8 11. Nf1 Be6 12. Ng3 d5 13. exd5 Bxd5 14. Bc2 Qd7 15.
Be3 Bxe3 16. Rxe3 Re7 17. Nh4 g6 {Diagramme #} 18. c4 Be6 19. Ba4 Qd6 20. Bxc6
bxc6 21. Nf3 Bd7 22. Qe2 Rae8 23. Re1 Bc8 24. Nxe5 Nd7 25. f4 Qd4 26. Kh1 Nc5
27. b4 Ne6 28. Nxc6 1-0

[Event "21ème Open de Saint-Affrique"]
[Site "Saint Affrique (11)"]
[Date "2013.07.20"]
[Round "8.3"]
[White "Scholz, Christian"]
[Black "Domenech, Vianney"]
[Result "0-1"]
[WhiteElo "2393"]
[BlackElo "2219"]
[PlyCount "80"]
[EventDate "2013.??.??"]

1. d4 d5 2. c4 c6 3. Nf3 Nf6 4. Nc3 a6 5. a4 e6 6. Bg5 Be7 7. e3 a5 8. Bd3 Na6
9. O-O Nb4 10. Rc1 b6 11. Ne5 Ba6 12. b3 O-O 13. Bb1 Nd7 14. Bxe7 Qxe7 15. f4
f5 16. Ne2 Rf6 17. Rf2 Rh6 18. cxd5 Nxe5 {Diagramme #} 19. d6 Qh4 20. g3 Nf3+
21. Kg2 Qxh2+ 22. Kxf3 Qh5+ 23. Kg2 Qh3+ 24. Kf3 Qh5+ 25. Kg2 Nd5 26. Qd2 Qh3+
27. Kf3 Qg4+ 28. Kg2 Qh3+ 29. Kf3 Qg4+ 30. Kg2 Rh3 31. Bd3 Bb7 32. e4 Nf6 33.
Qe3 Qh5 34. Ng1 Ng4 35. Kf3 Nxe3+ 36. Kxe3 Rxg3+ 37. Nf3 c5 38. dxc5 fxe4 39.
Bxe4 Bxe4 40. Kxe4 Qd5+ 0-1

[Event "21ème Open de Saint-Affrique"]
[Site "Saint Affrique (11)"]
[Date "2013.07.20"]
[Round "8.4"]
[White "Mladenov, Plamen"]
[Black "Ouakhir, Mehdi"]
[Result "1-0"]
[WhiteElo "2405"]
[BlackElo "2202"]
[PlyCount "71"]
[EventDate "2013.??.??"]

1. e4 e5 2. Nf3 Nc6 3. Bb5 d6 4. d4 Bg4 5. Nc3 exd4 6. Qxd4 Bxf3 7. gxf3 Nge7
8. Nd5 a6 9. Bxc6+ Nxc6 10. Qc3 h6 11. Be3 Qd7 12. Rg1 f5 13. O-O-O f4 14. Bxf4
O-O-O 15. Be3 Qf7 16. f4 Rg8 17. a4 g6 18. b4 Bg7 19. Qc4 Kb8 20. Rd3 Rc8 21.
b5 axb5 22. axb5 Na5 23. Qb4 b6 {Diagramme #} 24. Bxb6 cxb6 25. Qxd6+ Ka8 26.
Nxb6+ Kb7 27. Nxc8 Kxc8 28. Rgg3 Nc4 29. Qc6+ Kb8 30. Rd7 Qxf4+ 31. Re3 Na5 32.
Qb6+ Kc8 33. Ra7 Qe5 34. Ra8+ Kd7 35. Rd3+ Ke7 36. Ra7+ 1-0

[Event "21ème Open de Saint-Affrique"]
[Site "Saint Affrique (11)"]
[Date "2013.07.20"]
[Round "8.6"]
[White "Milchev, Nikolay"]
[Black "Mullon, Jean-Baptiste"]
[Result "1-0"]
[WhiteElo "2433"]
[BlackElo "2398"]
[PlyCount "91"]
[EventDate "2013.??.??"]

1. Nf3 Nf6 2. g3 g6 3. Bg2 Bg7 4. O-O O-O 5. d4 d5 6. c4 c6 7. Nc3 Ne4 8. Qb3
Nxc3 9. bxc3 dxc4 10. Qxc4 Qa5 11. Bf4 Na6 12. Qb3 Nc7 13. a4 Nd5 14. Bd2 Nb6
15. Rfc1 Be6 16. Qb4 Qxb4 17. cxb4 Nc4 18. Be1 f5 19. e3 Bd5 20. Nd2 Nxd2 21.
Bxd5+ cxd5 22. Bxd2 Rfc8 23. Rc5 Rxc5 24. bxc5 b6 25. Rb1 Kf7 26. a5 bxc5 27.
dxc5 d4 28. Rb7 Ke6 29. Kf1 Bf6 30. Ke2 a6 31. Kd3 dxe3 32. Bxe3 Kd5 33. h4 Rc8
34. Rd7+ Kc6 35. Ra7 Kb5 36. Rb7+ Kxa5 37. Kc4 h5 38. Rb3 Ka4 39. Rb4+ Ka3 40.
Rb6 a5 41. Ra6 Kb2 42. Rxa5 Kc2 43. Ra2+ Kd1 44. Kd5 Ke1 45. Ke6 Rc7 46. Rc2
1-0

[Event "21ème Open de Saint-Affrique"]
[Site "Saint Affrique (11)"]
[Date "2013.07.20"]
[Round "8.7"]
[White "Libiszewski, Fabien"]
[Black "Roubaud, Alexandre"]
[Result "1-0"]
[WhiteElo "2523"]
[BlackElo "2142"]
[PlyCount "71"]
[EventDate "2013.??.??"]

1. Nf3 Nc6 2. e4 e5 3. Bb5 a6 4. Ba4 Nf6 5. O-O Be7 6. Qe2 b5 7. Bb3 d6 8. c3
O-O 9. Rd1 Na5 10. Bc2 c5 11. d4 Qc7 12. d5 Ne8 13. b3 Bf6 14. Nbd2 g6 15. a4
b4 16. Bb2 Bg7 17. Rac1 Qd8 18. cxb4 cxb4 19. Nc4 Bh6 20. Nxa5 Qxa5 21. Nd2 Qd8
22. Bd3 f5 23. Rc6 fxe4 24. Nxe4 Bb7 {Diagramme #} 25. Bxa6 Bxc6 26. dxc6 Bg7
27. Bb7 Ra5 28. Qc4+ d5 29. Qxb4 Rf4 30. g3 Rf7 31. Ng5 Qxg5 32. Qxa5 Qf5 33.
Qd2 Nd6 34. a5 Bh6 35. Qe2 Ne4 36. c7 1-0

[Event "21ème Open de Saint-Affrique"]
[Site "Saint Affrique (11)"]
[Date "2013.07.20"]
[Round "8.15"]
[White "Noireaut, Hung"]
[Black "Mania, Clement"]
[Result "0-1"]
[WhiteElo "1972"]
[BlackElo "2174"]
[PlyCount "68"]

1. e4 g6 2. d3 Bg7 3. Nc3 d6 4. g3 e6 5. Bg2 Ne7 6. f4 c5 7. Nf3 Nbc6 8. O-O
O-O 9. Be3 Rb8 10. Qd2 b5 11. e5 Nf5 12. Bf2 Ncd4 13. Ne4 Bb7 14. c3 Nxf3+ 15.
Bxf3 dxe5 16. Bxc5 Re8 17. fxe5 Bxe5 18. Bxa7 Ra8 19. Bc5 Qc7 20. d4 Bg7 21.
Qe2 e5 22. Qxb5 Ba6 23. Qb3 Rab8 24. Qa3 Bxf1 25. Nd6 Red8 26. Nxf5 gxf5 27.
Rxf1 exd4 28. c4 d3 29. b4 Bd4+ 30. Bxd4 Rxd4 31. Bd5 Qb6 32. Kg2 Qxb4 33.
Bxf7+ Kxf7 34. Rxf5+ Kg6 0-1